Environmental geology

Gespeichert in:
Bibliographische Detailangaben
1. Verfasser: Montgomery, Carla W.
Format: Buch
Sprache:Vietnamese
Veröffentlicht: McGraw-Hil 2003
Tags: Tag hinzufügen
Keine Tags, Fügen Sie den ersten Tag hinzu!
Thư viện lưu trữ: Mạng thư viện Đại học Đà Nẵng
LEADER 00607nam a2200253 4500
001 000021842
003 18290
005 20150423140413.0
008 150423s2003 viesd
020 |c 00 
041 0 |a vie 
082 1 4 |a 550  |b MO-C 
100 1 |a Montgomery, Carla W. 
245 1 0 |a Environmental geology  |c Carla W. Montgomery 
260 |b McGraw-Hil  |c 2003 
300 |a tr.  |c cm. 
OWN |a LSP 
999 |a From the UDN01 
TYP |a Monograph 
TYP |a Printed language 
980 |a Mạng thư viện Đại học Đà Nẵng